| Поле | Инд. | ПП | Название | Значение |
|---|---|---|---|---|
| Тип записи | a | |||
| Библиографический уровень | m | |||
| 001 | Контрольный номер | fda64ada-547a-4e50-b42d-918bae316b53 | ||
| 005 | Дата корректировки | 20140226201734.9 | ||
| 008 | Кодируемые данные | 990203 d | ||
| 020 | a | ISBN | 5-02-011579-7 | |
| c | Цена, тираж | 31.00 | ||
| 040 | a | Служба первич. каталог. | НБ ТвГУ | |
| 041 | a | Код языка текста | rus | |
| 080 | a | Индекс УДК | 7.03(450) | |
| 084 | a | Индекс другой классификации/Индекс ББК | Щ03(4ИТА)4 | |
| a | Индекс другой классификации/Индекс ББК | Т3(4ИТА)4-7 | ||
| a | Индекс другой классификации/Индекс ББК | Щ103(4ИТА)4 | ||
| 090 | c | Каталожный индекс | Щ03(4ИТА)4 + Т3(4ИТА)4-7 + Щ103(4ИТА)4 | |
| x | Авторский знак | И86 | ||
| a | Полочн. индекс | Щ03(4ИТА) | ||
| 242 | 00 | a | Перевод заглавия | Arte e cultura in Italia dal Rinascimento all'Illuminismo |
| 245 | 0_ | a | Заглавие | Искусство и культура Италии эпохи Возрождения и Просвещения |
| b | Продолж. заглавия | [Сборник | ||
| c | Ответственность | РАН. Науч. совет по истории мировой культуры; Редкол.: В.Э. Маркова (отв. ред.) и др.] | ||
| 260 | 0_ | a | Место издания | Москва |
| b | Издательство | Наука | ||
| c | Дата издания | 1997 | ||
| 300 | a | Объем | 264,[1] с. | |
| b | Иллюстрации/ тип воспроизводства | 16 л. ил. | ||
| 504 | a | Библиография | Библиогр. в примеч. в конце ст. | |
| 583 | a | Действие | Получение впервые 667 30.12.98 | |
| k | Исполнитель действия | Академкнига | ||
| 650 | a | Основная рубрика | Италия | |
| x | Основная подрубрика | История | ||
| x | Основная подрубрика | Культура | ||
| x | Основная подрубрика | Искусство | ||
| y | Хронологическая подрубрика | 13-18 вв. | ||
| 653 | a | Ключевые слова | Искусство Италии | |
| a | Ключевые слова | Культура Италии | ||
| a | Ключевые слова | История Италии | ||
| a | Ключевые слова | Италия | ||
| a | Ключевые слова | Эпоха Возрождения | ||
| a | Ключевые слова | Эпоха Просвещения | ||
| a | Ключевые слова | Изобразительное искусство | ||
| 700 | 1_ | a | Другие авторы | Маркова В Э |
| e | Роль лиц | отв. ред. | ||
| 852 | t | Порядковый номер экземпляра | 1 | |
| p | Инвентарный номер | 704239 | ||
| 888 | a | Пред.оплата | ||
| 952 | p | 667.98 31.00 1 704239 | ||
| c | Вид литературы | К рн | ||
| 954 | a | Дата поступления на обработку | 19981231 | |
| 999 | a | Подразделение 2 | ч.з. |